000 01075nam a2200229Ii 4500
003 JO-AjNU
008 230605s9999||||xx |||||||||||||| ||und||
017 _a2000/19384
020 _a977-5283-58-2
040 _aJO-AjNU
_bara
_erda
_cJO-AjNU
041 _aara
050 1 4 _aBP166.88 2001
100 3 _aعبدالمنعم،محمد يحيى,
_eauthor
_913705
245 0 0 _aهؤلاء ملعونون في القرآن والسنة: منهم اليهود،أصحاب السبت،الكفار،المنافقون،المفسدون،الظالمون،الكاذبون،كاتم العلم،الراشي والمرتشي،السارق،آكل الربا،شارب الخمر،المحلل والمحلل له،لعن الرجل والديه،قتل المؤمن عمدا
250 _aط1
264 3 1 _aالقاهرة: مؤسسة المختار للنشر والتوزيع، 2001
300 _a171ص
336 _atext
_btxt
_2rdacontent
337 _aunmediated
_bn
_2rdamedia
338 _avolume
_bnc
_2rdacarrier
650 4 _aالملعونون في القرآن
_913706
999 _aA3481
_c7049
_d7049